000 00638cam a2200241 4500
001 CD123351
008 030822n 000 0 eng u
035 _a(Sirsi) u123351
245 _aPractical lease precedents
260 _aSweet & Maxwell
_bLondon
300 _a1 CD-ROM
520 _aCD giving a collection of leasehold precedents for commercial property.
650 _aCD-ROM
650 _aPRECEDENTS
650 _aCOMMERCIAL LEASES
650 _aBUSINESS TENANCIES
650 _aOFFICES
650 _aINDUSTRIAL
650 _aRETAIL
650 _aRural
_96268
690 _aPROPERTY-LANDLORD AND TENANT
942 _n0
999 _c85434
_d85434